Responses for Show #8599 - Thursday, March 17, 2022

Contestants

[<< previous game]

Joel Levinson, a head of content from Yellow Springs, Ohio

Finn Corrigan, a student from Vista, California

Katie Hargrove, a personal assistant and writer from Redondo Beach, California (whose 1-day cash winnings total $17,201)

[next game >>]

Jeopardy! Round responses

BALLET
7-LETTER GRAB BAG
BEASTLY LIT
CIRCUMFLEXING ON YOU
SPORTS WITH NO BALLS
IRISH NAME DERIVATIONS
    $200 27
fox

Katie
    $200 19
a nursery

Finn
    $200 7
Hagrid

Finn
    $200 13
stop

Finn
    $200 15
hockey

Triple Stumper
    $200 1
Ryan

Katie
    $400 14
the Bolshoi

Triple Stumper
    $400 24
lactose

Katie
    $400 17
(Finn: What is a rabbit?)

a squirrel

FinnJoel
    $400 21
castles

Finn
    $400 12
(Joel: [High squeaky voice] What is... lacrosse?)
...
(Ken: [To Joel] But I've never heard that voice before, Joel.)
[Laughter]

fencing

FinnJoel
    $400 2
Kelly

Katie
    $600 18
(Katie: What is French?)

a peasant

Katie
Triple Stumper
    $600 23
illegal

Katie
    $600 8
Pet Sematary

Finn
    $600 11
August

Finn
    $600 20
(Katie: What is curling?)
...
(Ken: She's a diver.)
[NOTE: Ken did not give the name of the sport.]

diving

Katie
Triple Stumper
    $1,000 3
Murphy

Katie
    $800 28
the white swan & the black swan (Odette & Odile)

Katie
    $800 10
(Finn: What is eclipse? Uh, what is a lunar and solar eclipse?)
(Joel: What is an eclipse and a sunset?)

an eclipse & a sunrise

FinnJoel
Triple Stumper
    $800 22
a lion

Triple Stumper
    $800 9
window

Finn
    $800 5
sumo

Finn
    $800 4
McCoy

Joel
    $1000 29
(Ken: You got it, a classic.)

The Red Shoes

Finn
    $1000 25
parkour

Triple Stumper
    $1000 26
Argos

Triple Stumper
    $1000 16
bĂȘte noire

Katie
    $1000 30
ultimate Frisbee

Joel
    $1000 6
(Ken: That's correct and a little harsh.)
[Laughter]

Gallagher

Joel

Scores at the first commercial break (after clue 15):

Katie Finn Joel
$1,600 $2,800 $600

Scores at the end of the Jeopardy! Round:

Katie Finn Joel
$3,400 $4,000 $2,000

Double Jeopardy! Round responses

LET'S HAVE A CONFLUENCE
MOVIE & TV ROLE IN COMMON
THROWING SHADE
HISTORY QUICK TAKES
CHEMICAL PEOPLE
"X"s & "O"s
(Ken: Each correct response will begin with one or the other.)
    $400 19
the Euphrates & the Tigris

Finn
    $400 12
(Ken: Joel, was trying to remember his name; that's Tom Clancy's [*].)

Jack Ryan

Triple Stumper
    $400 13
awning (from yawning)

Finn
    $400 5
(Finn: What is the Zulu uprising?)
...
(Ken: Those are the Boxers of China's [*].)

Boxer Rebellion

Finn
Triple Stumper
    $400 26
(Ken: Correct, with less than a minute in the round.)

a xylophone

Katie
    $800 8
Vicksburg

Joel
    $800 9
(Ken: From Terminator, right.)

Sarah Connor

Katie
    $800 25
cumulus

Katie
    $800 1
Castile & Aragon

Finn
    $800 24
water

Triple Stumper
    $800 21
(Katie: What is heads?)

obverse

Katie
Triple Stumper
    $1200 18
(Finn: What is the St. Lawrence?)

the Ottawa River

Finn
Triple Stumper
    $1200 6
Wild Bill Hickok

Triple Stumper
    $1200 22
a sundial

Finn
    $1,500 2
(Finn: What is Khan?)

the Dalai Lama

Finn
    $1200 14
(Ken: That's [*], of Smithsonian fame.)

James Smithson

Triple Stumper
    $1200 20
xerography

Triple Stumper
    $1600 7
the Pont Neuf

Finn
    $1600 11
Catherine the Great

Katie
    $1600 15
umbrage

Katie
    $1600 3
a caliph

Joel
    $2,100 28
(Finn: Uh, what is vitamin... A?)
(Ken: No, I'm sorry, coagulation is spelled with a [*] in Danish.)

K

Finn
    $1600 27
oligarchy

Finn
    $2000 17
Poland

Triple Stumper
    $2000 10
Prince Philip

Katie
    $2000 16
Hesse

Finn
    $2000 4
Powhatan

Finn
    $2000 29
[The end-of-round signal sounds.]

diffusion

Finn
    $2000 23
(Joel: What is an overture?)

an obeisance

Joel
Triple Stumper

Scores at the end of the Double Jeopardy! Round:

Katie Finn Joel
$9,800 $10,800 $2,400

[wagering suggestions for these scores]

Final Jeopardy! Round responses

NONFICTION
(Ken: [To Joel] You wrote down the nonfiction classic, Are You There God? It's Me, Margaret.)
[Loud laughter]
...
(Ken: [To Katie] Rachel Carson's ecological classic about pesticides.)
JoelWhat is Are you there God its me Margaret?
$0
KatieWhat is Silent Spring?
$4,999
FinnWhat is Silent Sp Silent Spring
$8,801
Silent Spring

Final scores:

Katie Finn Joel
$14,799 $19,601 $2,400
2nd place: $2,000 New champion: $19,601 3rd place: $1,000

Game dynamics:

Coryat scores:

Katie Finn Joel
$9,400 $14,400 $2,400
14 R
(including 1 DD),
3 W
19 R,
6 W
(including 2 DDs)
6 R,
3 W

Combined Coryat: $26,200

[game clues] [game scores] [suggest correction]

Game tape date: 2022-01-18
The J! Archive is created by fans, for fans. Scraping, republication, monetization, and malicious use prohibited; this site may use cookies and collect identifying information. See terms. The Jeopardy! game show and all elements thereof, including but not limited to copyright and trademark thereto, are the property of Jeopardy Productions, Inc. and are protected under law. This website is not affiliated with, sponsored by, or operated by Jeopardy Productions, Inc. Join the discussion at JBoard.tv.